[Event "2nd Agzamov Memorial"]
[Site "Tashkent UZB"]
[Date "2008.03.27"]
[Round "8"]
[White "Kvon, A."]
[Black "Zubarev, Al1"]
[Result "1-0"]
[WhiteElo "2381"]
[BlackElo "2491"]
[PlyCount "69"]
[EventDate "2008.03.19"]
[EventType "swiss"]
[EventRounds "9"]
[EventCountry "UZB"]
[Source "Mark Crowther"]
[SourceDate "2008.03.31"]

1. e4 Nf6 2. e5 Nd5 3. d4 d6 4. Nf3 Bg4 5. Be2 c6 6. Ng5 Bf5 7. Bd3 Bxd3 8.
Qxd3 h6 9. Nf3 e6 10. O-O dxe5 11. Nxe5 Nd7 12. Nf3 Be7 13. c4 N5f6 14. Nc3 O-O
15. Bf4 a6 16. Rfd1 b5 17. Ne5 Rc8 18. Qf3 Qb6 19. Nxd7 Nxd7 20. d5 cxd5 21.
cxd5 e5 22. d6 Bg5 23. Bxg5 hxg5 24. Ne4 f6 25. Qb3+ Rf7 26. Rac1 Rxc1 27. Rxc1
Qd4 28. Rc8+ Nf8 29. Rc7 Ne6 30. Rc8+ Kh7 31. h3 Qxe4 32. Qxe6 Qe1+ 33. Kh2
Qxf2 34. Qxf7 Qf4+ 35. Kg1 1-0

[Event "2nd Agzamov Memorial"]
[Site "Tashkent UZB"]
[Date "2008.03.27"]
[Round "8"]
[White "Mustafaev, J."]
[Black "Tologontegin, S."]
[Result "1-0"]
[WhiteElo "2286"]
[BlackElo "2407"]
[PlyCount "147"]
[EventDate "2008.03.19"]
[EventType "swiss"]
[EventRounds "9"]
[EventCountry "UZB"]
[Source "Mark Crowther"]
[SourceDate "2008.03.31"]

1. e4 c5 2. Nf3 d6 3. d3 g6 4. g3 Bg7 5. Bg2 Nc6 6. O-O Nf6 7. Re1 O-O 8. c3 e5
9. Nbd2 Re8 10. a4 h6 11. Nc4 d5 12. exd5 Nxd5 13. Nfd2 Be6 14. a5 Qc7 15. Ne4
Nce7 16. Qa4 Red8 17. Ned2 Rac8 18. Qd1 Nc6 19. Qe2 Re8 20. Ne4 Bf8 21. Ne3 Qd8
22. Nxd5 Bxd5 23. Nf6+ Qxf6 24. Bxd5 Rcd8 25. Bg2 Qd6 26. a6 b6 27. Qc2 Nb8 28.
Bf1 b5 29. Be3 Nxa6 30. Ra5 Nc7 31. Rxa7 Nd5 32. Qb3 Rb8 33. Qa2 Re7 34. Ra6
Rb6 35. Rxb6 Nxb6 36. Qa6 Re8 37. Qxb5 Rb8 38. Bc1 Nd5 39. Qc4 Nb6 40. Qe4 Bg7
41. h3 Qd7 42. Kh2 Na4 43. Re2 Rd8 44. Qc4 Rc8 45. h4 Kh7 46. Bh3 f5 47. h5 Nb6
48. hxg6+ Kxg6 49. Qb3 Nd5 50. Re1 Qd6 51. Qd1 Rd8 52. Qf3 Ne7 53. Bf1 Nd5 54.
Kg2 Nf6 55. Kg1 Ng4 56. Bh3 h5 57. Bxg4 hxg4 58. Qe3 Qxd3 59. Qxc5 Bf6 60. Qe3
Qd7 61. Qh6+ Kf7 62. Bg5 Bxg5 63. Qxg5 Rh8 64. c4 Rh7 65. b4 Rg7 66. Qe3 e4 67.
Ra1 Kg8 68. b5 Qc7 69. Qd4 Rd7 70. Qf6 Rd8 71. b6 Qd7 72. Ra7 Qd1+ 73. Kh2 Rd2
74. Qg7# 1-0

[Event "2nd Agzamov Memorial"]
[Site "Tashkent UZB"]
[Date "2008.03.27"]
[Round "8"]
[White "Kayumov, S."]
[Black "Mustafaev, K."]
[Result "0-1"]
[WhiteElo "2426"]
[BlackElo "2299"]
[PlyCount "142"]
[EventDate "2008.03.19"]
[EventType "swiss"]
[EventRounds "9"]
[EventCountry "UZB"]
[Source "Mark Crowther"]
[SourceDate "2008.03.31"]

1. e4 c5 2. Nf3 e6 3. c3 Nf6 4. d3 Nc6 5. Nbd2 Be7 6. g3 d5 7. Bg2 d4 8. cxd4
Nxd4 9. O-O Nxf3+ 10. Nxf3 O-O 11. Re1 b6 12. d4 Bb7 13. e5 Nd7 14. h4 Rc8 15.
Ng5 Bxg2 16. Kxg2 h6 17. Ne4 cxd4 18. Qxd4 Bc5 19. Nxc5 Nxc5 20. Qg4 Qd5+ 21.
Kg1 Kh7 22. Bf4 Rfd8 23. Qh5 Nd3 24. Red1 Kg8 25. Qe2 Nxf4 26. gxf4 Qa5 27. Rd6
Qb4 28. Rad1 Rxd6 29. exd6 Qxf4 30. d7 Rd8 31. h5 Qc7 32. Qd3 Kf8 33. Qa3+ Qc5
34. Qxa7 Ke7 35. Qa4 b5 36. Qa5 Rxd7 37. Rxd7+ Kxd7 38. a4 Qc1+ 39. Kg2 Qc6+
40. Kg1 bxa4 41. Qa7+ Ke8 42. Qb8+ Ke7 43. Qa7+ Qd7 44. Qc5+ Ke8 45. Qe5 f6 46.
Qa5 Kf7 47. Kh2 Qd6+ 48. Kg1 Qf4 49. Qa7+ Kg8 50. Qa8+ Kh7 51. Qe8 Qg4+ 52. Kf1
e5 53. Ke1 Qb4+ 54. Kd1 Qg4+ 55. Kc2 Qe4+ 56. Kd2 Qb4+ 57. Kd1 Qd4+ 58. Kc1 Qd3
59. Qxa4 Qf1+ 60. Qd1 Qxf2 61. Qg4 Qc5+ 62. Kb1 Qc6 63. b4 Kg8 64. Kb2 e4 65.
Qf5 e3 66. b5 Qe8 67. Qd5+ Kh8 68. Qc6 Qe5+ 69. Ka2 e2 70. b6 e1=Q 71. Qc8+ Kh7
0-1

[Event "2nd Agzamov Memorial"]
[Site "Tashkent UZB"]
[Date "2008.03.27"]
[Round "8"]
[White "Tseshkovsky, V."]
[Black "Glek, I."]
[Result "1-0"]
[WhiteElo "2504"]
[BlackElo "2546"]
[PlyCount "89"]
[EventDate "2008.03.19"]
[EventType "swiss"]
[EventRounds "9"]
[EventCountry "UZB"]
[Source "Mark Crowther"]
[SourceDate "2008.03.31"]

1. e4 e6 2. d4 d5 3. Nc3 Nf6 4. Bg5 Bb4 5. e5 h6 6. Bd2 Bxc3 7. bxc3 Ne4 8. Qg4
g6 9. Qf4 c5 10. Bd3 Nxd2 11. Qxd2 Qa5 12. Nf3 b6 13. dxc5 bxc5 14. c4 Nc6 15.
Rb1 a6 16. c3 Qc7 17. O-O Ne7 18. cxd5 exd5 19. c4 Be6 20. Rfc1 d4 21. Be4 Ra7
22. Rb3 Kf8 23. Rcb1 Kg7 24. Rb7 Rxb7 25. Rxb7 Qd8 26. h4 Re8 27. h5 gxh5 28.
Qf4 Ng8 29. Bd3 Re7 30. Rb3 Rd7 31. Qe4 Qc7 32. Qh7+ Kf8 33. Qh8 f5 34. exf6
Qf4 35. Rb6 Bg4 36. Bh7 Rxh7 37. Qxh7 Nxf6 38. Qg6 Nd7 39. Qxh6+ Qxh6 40. Rxh6
Ke7 41. Nd2 Be2 42. f3 Ne5 43. Rxh5 Nd3 44. Ne4 a5 45. a3 1-0